[Event "Chigorin Memorial"]
[Site "St Petersburg RUS"]
[Date "2012.10.28"]
[Round "2.72"]
[White "Matinian, Nikita"]
[Black "Mitiushkin, Marat"]
[Result "1-0"]
[WhiteTitle "IM"]
[WhiteElo "2439"]
[BlackElo "1953"]
[WhiteFideId "24129100"]
[BlackFideId "4141849"]
[EventDate "2012.10.27"]

1. c4 b6 2. d4 Nf6 3. Nc3 Bb7 4. Qc2 d6 5. Nf3 Nbd7 6. Bf4 Bxf3 7. exf3 c5 8. d5
g6 9. g4 Bg7 10. h4 Ne5 11. Bxe5 dxe5 12. O-O-O O-O 13. Kb1 Ne8 14. h5 Nd6 15.
Bd3 Qe8 16. Rh3 f5 17. hxg6 hxg6 18. gxf5 gxf5 19. Rg1 Rf7 20. Qc1 f4 21. Ne4
Nxe4 22. Bxe4 Qd7 23. Rg4 1-0

[Event "Chigorin Memorial"]
[Site "St Petersburg RUS"]
[Date "2012.10.28"]
[Round "2.73"]
[White "Andreeva, Yulia"]
[Black "Bajarani, Ulvi"]
[Result "0-1"]
[BlackTitle "IM"]
[WhiteElo "1944"]
[BlackElo "2436"]
[WhiteFideId "4108302"]
[BlackFideId "13403028"]
[EventDate "2012.10.27"]

1. d4 d5 2. c4 c6 3. Nf3 Nf6 4. Nc3 e6 5. Bg5 h6 6. Bxf6 Qxf6 7. e3 g6 8. Bd3
Bg7 9. O-O O-O 10. Qc2 Nd7 11. e4 dxc4 12. Bxc4 e5 13. d5 Nb6 14. Bb3 Bg4 15.
Nd2 Rac8 16. dxc6 Qxc6 17. a4 a5 18. Rfc1 h5 19. Nf1 Bh6 20. Re1 Rfd8 21. Ne3
Bxe3 22. Rxe3 Kg7 23. h3 Be6 24. Bxe6 Qxe6 25. b3 Rd4 26. Qb2 Rb4 27. Nd5 Nc4
28. Qe2 Nxe3 29. Qxe3 Rd4 30. f4 f5 31. exf5 Qxd5 32. fxe5 Re4 0-1

[Event "Chigorin Memorial"]
[Site "St Petersburg RUS"]
[Date "2012.10.28"]
[Round "2.74"]
[White "Airapetian, Gor"]
[Black "Chuprova, Irina"]
[Result "1-0"]
[WhiteTitle "IM"]
[WhiteElo "2435"]
[BlackElo "1945"]
[WhiteFideId "4177916"]
[BlackFideId "24138584"]
[EventDate "2012.10.27"]

1. d4 Nf6 2. c4 g6 3. Nc3 Bg7 4. Nf3 O-O 5. e4 d6 6. h3 e5 7. d5 Nh5 8. Nh2 Qe8
9. Be2 Nf4 10. Bf3 f5 11. g3 Nxh3 12. Bg2 fxe4 13. Be3 Na6 14. Ng4 Nf4 15. Bxe4
Nh5 16. Qe2 Nc5 17. Bxc5 dxc5 18. O-O-O Bd7 19. Rh2 Qc8 20. Ne3 Bh6 21. Rdh1 Bg4
22. Qd3 Rf7 23. Kb1 Bxe3 24. Qxe3 Qf8 25. Qg5 Nf6 26. Bxg6 Rg7 27. Rxh7 Nxh7 28.
Bxh7+ Kf7 29. Qxe5 Qd6 30. Qe3 Rh8 31. Ne4 Bf5 32. Rh5 Bxh7 33. Rxh7 Rhxh7 34.
Nxd6+ cxd6 35. Qe6+ Kf8 36. Qxd6+ Re7 37. Qxc5 1-0

[Event "Chigorin Memorial"]
[Site "St Petersburg RUS"]
[Date "2012.10.28"]
[Round "2.79"]
[White "Eljanov, Pavel"]
[Black "Yakimenko, Alexander A."]
[Result "1-0"]
[WhiteTitle "GM"]
[WhiteElo "2681"]
[BlackElo "2220"]
[WhiteFideId "14102951"]
[BlackFideId "24141917"]
[EventDate "2012.10.27"]

1. Nf3 Nf6 2. c4 c5 3. Nc3 Nc6 4. g3 g6 5. Bg2 Bg7 6. d4 cxd4 7. Nxd4 Nxd4 8.
Qxd4 O-O 9. O-O d6 10. Qd3 Bf5 11. e4 Be6 12. b3 Qc8 13. Bg5 h6 14. Be3 Ng4 15.
Bd4 Ne5 16. Qd2 Bh3 17. Nd5 Re8 18. f4 Bxg2 19. Kxg2 Nd7 20. Bxg7 Kxg7 21. f5 g5
22. h4 f6 23. hxg5 hxg5 24. Rh1 Ne5 25. Rh5 Qd7 26. Rah1 Rh8 27. Qe2 Rag8 28. a4
b6 29. Kf1 Nf7 30. Rxh8 Rxh8 31. Rxh8 Kxh8 32. Qh5+ Kg7 33. Qg6+ Kf8 34. Qh7 Qc6
35. Qg8+ Kxg8 36. Nxe7+ Kf8 37. Nxc6 a5 38. Ke2 Ke8 39. Kd2 Kd7 40. Nd4 Nd8 41.
Nc2 Nb7 42. b4 axb4 43. Nxb4 Nc5 44. Ke3 Ke8 45. Nd5 Nd7 46. Kd4 Kd8 47. Kc3 Kc8
48. Kb4 Kb7 49. Kb5 g4 50. a5 bxa5 51. Kxa5 Ka7 52. Kb5 Kb7 53. Ne3 Nc5 54. e5
fxe5 55. Nxg4 Kc7 56. Nf6 e4 57. g4 Kd8 58. Nd5 Nd3 59. g5 Ne5 60. g6 Ke8 61.
Nf6+ 1-0

[Event "Chigorin Memorial"]
[Site "St Petersburg RUS"]
[Date "2012.10.28"]
[Round "2.81"]
[White "Nedostup, Daniil"]
[Black "Iordachescu, Viorel"]
[Result "1/2-1/2"]
[BlackTitle "GM"]
[WhiteElo "2152"]
[BlackElo "2637"]
[WhiteFideId "24121576"]
[BlackFideId "13900200"]
[EventDate "2012.10.27"]

1. e4 c5 2. c3 Qa5 3. Na3 Nc6 4. Nf3 g6 5. Be2 Nf6 6. e5 Nd5 7. O-O Bg7 8. d4
cxd4 9. cxd4 O-O 10. Qb3 Nb6 11. Bb5 Qb4 12. Qd3 d6 13. Nc2 Qa5 14. Bd2 Bf5 15.
Qe2 Qxb5 16. Qxb5 Bxc2 17. Rfe1 Rad8 18. exd6 Rxd6 19. Bc3 Bf5 20. Rad1 Rfd8 21.
h3 Be6 22. b3 Nd5 23. Bb2 a6 24. Qe2 Bh6 25. Ne5 Nf4 26. Qf1 Bd5 27. f3 Bf8 28.
Ba3 Re6 29. Bc5 g5 30. Nd3 Rg6 31. Nxf4 gxf4 32. Qf2 Rd7 33. Kh2 Bh6 34. Re2 e6
35. Re5 Nxe5 36. dxe5 Bg5 37. Bd6 Bc6 38. Qa7 Bh4 39. Rc1 Rd8 40. Qb6 h5 41. a4
Kh7 42. Rc4 Rdg8 43. Rc2 Bd5 44. Qb4 1/2-1/2

[Event "Chigorin Memorial"]
[Site "St Petersburg RUS"]
[Date "2012.10.28"]
[Round "2.83"]
[White "Ipatov, Alexander"]
[Black "Khanin, Semen"]
[Result "1-0"]
[WhiteTitle "GM"]
[WhiteElo "2591"]
[BlackElo "2181"]
[WhiteFideId "14116731"]
[BlackFideId "4111990"]
[EventDate "2012.10.27"]

1. c4 Nf6 2. d4 e6 3. Nc3 Bb4 4. e3 O-O 5. a3 Bxc3+ 6. bxc3 d5 7. cxd5 exd5 8.
Bd3 c5 9. Ne2 b6 10. O-O Ba6 11. f3 Re8 12. Ng3 Bxd3 13. Qxd3 Nc6 14. Bb2 Qd7
15. e4 dxe4 16. fxe4 Qg4 17. e5 Nd5 18. Rf3 cxd4 19. cxd4 Nce7 20. Raf1 Rf8 21.
Ne4 Ng6 22. Nd6 Nh4 23. Rg3 Qe6 24. Ne4 Ng6 25. Ng5 Qc6 26. Rgf3 h6 27. Ne4 Rac8
28. Nd6 Rc7 29. Qb3 Qa8 30. a4 Nh8 31. e6 Re7 32. Rf5 Nf6 33. Rxf6 gxf6 34. Nf5
Rxe6 35. d5 Re2 36. Nxh6+ Kh7 37. Ng4 1-0

[Event "Chigorin Memorial"]
[Site "St Petersburg RUS"]
[Date "2012.10.28"]
[Round "2.85"]
[White "Halkias, Stelios"]
[Black "Pyatin, Alexander"]
[Result "1-0"]
[WhiteTitle "GM"]
[WhiteElo "2581"]
[BlackElo "2091"]
[WhiteFideId "4201809"]
[BlackFideId "24125920"]
[EventDate "2012.10.27"]

1. Nf3 Nf6 2. c4 g6 3. Nc3 Bg7 4. g3 O-O 5. Bg2 d6 6. O-O c5 7. d4 a6 8. dxc5
dxc5 9. Qxd8 Rxd8 10. Be3 Nbd7 11. Rad1 Re8 12. Na4 Ne4 13. Nd2 Nd6 14. b3 Bd4
15. Bxd4 cxd4 16. Nf3 e5 17. e3 b5 18. Nxe5 Nxe5 19. exd4 bxa4 20. Bxa8 Ng4 21.
Rfe1 Rd8 22. Bc6 axb3 23. axb3 Kg7 24. d5 Bf5 25. c5 Nb5 26. d6 Nc3 27. Rd2 Nf6
28. f3 Be6 29. Ra1 Rb8 30. Rxa6 Rxb3 31. d7 Nxd7 32. Bxd7 Bd5 33. Rb6 Ra3 34. c6
Bxf3 35. c7 Ne4 36. Rf2 Nxf2 37. Kxf2 1-0

[Event "Chigorin Memorial"]
[Site "St Petersburg RUS"]
[Date "2012.10.28"]
[Round "2.86"]
[White "Bratus, Petr P"]
[Black "Ionov, Sergey"]
[Result "1/2-1/2"]
[BlackTitle "GM"]
[WhiteElo "2114"]
[BlackElo "2550"]
[WhiteFideId "4168682"]
[BlackFideId "4100875"]
[EventDate "2012.10.27"]

1. d4 Nf6 2. Nf3 e6 3. c4 b6 4. g3 Ba6 5. b3 Bb4+ 6. Bd2 Be7 7. Bg2 Bb7 8. O-O
O-O 9. Nc3 d5 10. Ne5 Na6 11. cxd5 exd5 12. Be3 h6 13. Qd2 Qc8 14. a3 Rd8 15.
Qb2 c5 16. Rac1 Qf5 17. Nb5 Ne4 18. Qc2 Rdc8 19. Qd3 Qe6 20. Rfd1 cxd4 21. Bxd4
Nac5 22. Qb1 a6 23. Nc3 Nxc3 24. Rxc3 Ne4 25. Rxc8+ Rxc8 26. Qb2 Bc5 27. Nf3 Bf8
28. Rc1 a5 29. Rxc8 Bxc8 30. Qc1 Ba6 31. Bf1 Qd6 32. Bb2 Qc5 33. Nd4 Qxc1 34.
Bxc1 Bc5 35. Bb2 Nd2 36. Bg2 Ne4 37. a4 g6 38. e3 h5 39. Bf1 Bxf1 40. Kxf1 Kf8
41. Ke2 Ke7 42. Nb5 Bb4 43. Bd4 Nc5 44. Bxc5+ Bxc5 1/2-1/2

[Event "Chigorin Memorial"]
[Site "St Petersburg RUS"]
[Date "2012.10.28"]
[Round "2.88"]
[White "Stukopin, Andrey"]
[Black "Aminov, Andrey"]
[Result "1-0"]
[WhiteTitle "IM"]
[WhiteElo "2494"]
[BlackElo "2147"]
[WhiteFideId "24107131"]
[BlackFideId "24162728"]
[EventDate "2012.10.27"]

1. e4 e5 2. Bc4 Nc6 3. Nf3 Nf6 4. d3 h6 5. O-O d6 6. c3 g6 7. Bb3 Bg7 8. Re1 O-O
9. Nbd2 a6 10. d4 Qe7 11. h3 Na5 12. Bc2 c5 13. Nf1 Nc6 14. Ne3 cxd4 15. cxd4
Nxd4 16. Nxd4 exd4 17. Qxd4 Re8 18. Nc4 d5 19. Nb6 Nd7 20. e5 Nxb6 21. Qxb6 Be6
22. Bd2 Rec8 23. Bd3 Rc6 24. Qd4 Qc7 25. Bc3 Rc8 26. Rac1 h5 27. Kh1 Qd7 28. Kh2
Bh6 29. Rcd1 Qc7 30. f4 Bg7 31. Qf2 Rxc3 32. bxc3 Qxc3 33. Kh1 Qc5 34. Qf3 Qa3
35. g4 hxg4 36. hxg4 Rc3 37. f5 Bd7 38. fxg6 Bb5 39. Qxf7+ Kh8 40. Re2 Rxd3 41.
Rxd3 Qc1+ 42. Kg2 1-0

[Event "Chigorin Memorial"]
[Site "St Petersburg RUS"]
[Date "2012.10.28"]
[Round "2.89"]
[White "Arslanov, Shamil"]
[Black "Opanasenko, Mikhail"]
[Result "1-0"]
[WhiteTitle "IM"]
[WhiteElo "2421"]
[BlackElo "2011"]
[WhiteFideId "4192826"]
[BlackFideId "24176834"]
[EventDate "2012.10.27"]

1. e4 e6 2. d4 d5 3. Nc3 Bb4 4. e5 c5 5. a3 Bxc3+ 6. bxc3 Ne7 7. Qg4 cxd4 8.
Qxg7 Rg8 9. Qxh7 Qc7 10. Ne2 Nbc6 11. f4 Bd7 12. Qd3 dxc3 13. Rb1 d4 14. Nxd4
Nxd4 15. Qxd4 Nf5 16. Qf2 Bc6 17. Rg1 Qa5 18. g4 Ne7 19. h4 O-O-O 20. h5 Rd7 21.
Rg3 Rgd8 22. Bd3 b6 23. Rb4 Kb8 24. h6 Ng6 25. h7 Qd5 26. Rh3 Bb7 27. Be3 Qa2
28. Rd4 Qb1+ 29. Ke2 Rxd4 30. Bxd4 Qc1 31. Be3 Qb1 32. Qe1 Qb2 33. Bxg6 fxg6 34.
h8=Q Qxc2+ 35. Qd2 1-0

[Event "Chigorin Memorial"]
[Site "St Petersburg RUS"]
[Date "2012.10.28"]
[Round "2.90"]
[White "Cori T., Deysi"]
[Black "Kazakov, Maksym"]
[Result "1-0"]
[WhiteTitle "WGM"]
[WhiteElo "2411"]
[BlackElo "2015"]
[WhiteFideId "3801934"]
[BlackFideId "14128756"]
[EventDate "2012.10.27"]

1. d4 d6 2. Nf3 Nd7 3. c4 e5 4. Nc3 Ngf6 5. Bg5 Be7 6. e3 O-O 7. Be2 c6 8. O-O
a6 9. a4 a5 10. Qc2 Re8 11. Rfd1 Qc7 12. Rac1 Nf8 13. c5 exd4 14. cxd6 Bxd6 15.
Rxd4 N6d7 16. Ne4 Be5 17. Nxe5 Nxe5 18. Nd6 Re6 19. Rcd1 Rg6 20. f4 Ne6 21. Nb5
Qb6 22. Bd8 Qc5 23. Qxc5 Nxc5 24. Nc7 Bh3 25. g3 1-0

[Event "Chigorin Memorial"]
[Site "St Petersburg RUS"]
[Date "2012.10.28"]
[Round "2.92"]
[White "Shuraev, Andrei"]
[Black "Maltsev, Leonid"]
[Result "1-0"]
[WhiteTitle "IM"]
[BlackTitle "CM"]
[WhiteElo "2368"]
[BlackElo "1947"]
[WhiteFideId "4115295"]
[BlackFideId "14116413"]
[EventDate "2012.10.27"]

1. c4 f5 2. g3 Nf6 3. Bg2 g6 4. Nf3 Bg7 5. O-O O-O 6. Nc3 d6 7. d4 Qe8 8. Re1 e5
9. dxe5 dxe5 10. e4 Nc6 11. Nd5 fxe4 12. Ng5 Nxd5 13. cxd5 Nd4 14. Nxe4 Qf7 15.
Be3 Bf5 16. Rc1 Kh8 17. Ng5 Qd7 18. Bxd4 exd4 19. Ne6 Bxe6 20. dxe6 Qe7 21. Bxb7
Rab8 22. Bc6 Rxb2 23. Rc2 Rfb8 24. Qe2 Rxc2 25. Qxc2 Rd8 26. Qe4 Rd6 27. Bb5 Bf6
28. h4 c5 29. Bd3 Rb6 30. Bc4 Rb4 31. Qd5 Kg7 32. a3 Rb2 33. Qe4 Rb7 34. Bd3 Kh8
35. Qd5 Rb6 36. h5 gxh5 37. Qxh5 Rb3 38. Qf5 Rxa3 39. Rb1 Rxd3 40. Qxd3 Qxe6 41.
Rb8+ Kg7 42. Rb7+ Be7 43. Rxa7 Qe1+ 44. Kg2 Qe5 45. Kh2 h5 46. f4 Qe1 47. Ra2 h4
48. Rg2 h3 49. Re2 1-0

[Event "Chigorin Memorial"]
[Site "St Petersburg RUS"]
[Date "2012.10.28"]
[Round "2.94"]
[White "Lauda, Alexandr"]
[Black "Yandarbiev, Ruslan"]
[Result "0-1"]
[BlackTitle "IM"]
[WhiteElo "1991"]
[BlackElo "2356"]
[WhiteFideId "13903179"]
[BlackFideId "4115023"]
[EventDate "2012.10.27"]

1. e4 c5 2. d4 cxd4 3. c3 dxc3 4. Nxc3 e6 5. Bc4 a6 6. Nf3 b5 7. Bb3 Bb7 8. O-O
d6 9. Qe2 Nd7 10. Rd1 Ngf6 11. Bf4 b4 12. Nd5 exd5 13. exd5+ Be7 14. Re1 Kf8 15.
Ng5 Nc5 16. Bc4 h6 17. Ne6+ fxe6 18. dxe6 Qe8 19. Rad1 Qc6 20. Rd5 0-1

[Event "Chigorin Memorial"]
[Site "St Petersburg RUS"]
[Date "2012.10.28"]
[Round "2.95"]
[White "Dmitriev, Igor"]
[Black "Chernyak, Viktoria"]
[Result "1-0"]
[WhiteTitle "IM"]
[WhiteElo "2340"]
[BlackElo "1939"]
[WhiteFideId "4114833"]
[BlackFideId "24165956"]
[EventDate "2012.10.27"]

1. g3 g6 2. d4 Bg7 3. Bg2 c5 4. dxc5 Qa5+ 5. Nc3 Qxc5 6. Nh3 d6 7. Nf4 Nf6 8.
O-O Qa5 9. Nfd5 Nxd5 10. Nxd5 Nc6 11. Bd2 Qd8 12. Bc3 O-O 13. Bxg7 Kxg7 14. Qd2
Be6 15. Nf4 Qd7 16. Rfd1 Rac8 17. c3 a6 18. Qe3 Nd8 19. h4 Qb5 20. Rd2 Qc5 21.
Qe4 b5 22. a4 Nc6 23. Qxe6 fxe6 24. Nxe6+ Kf7 25. Nxc5 dxc5 26. axb5 axb5 27.
Rd5 Nd8 28. Ra7 Ne6 29. Rdd7 Rfe8 30. Bd5 Rcd8 31. Ra6 Rxd7 32. Bxe6+ 1-0

[Event "Chigorin Memorial"]
[Site "St Petersburg RUS"]
[Date "2012.10.28"]
[Round "2.96"]
[White "Fedoseeva, Valentina"]
[Black "Melnikov, Dmitry"]
[Result "0-1"]
[BlackTitle "FM"]
[WhiteElo "1930"]
[BlackElo "2292"]
[WhiteFideId "4169875"]
[BlackFideId "4146468"]
[EventDate "2012.10.27"]

1. e4 e5 2. Nf3 Nc6 3. Bc4 Nf6 4. d3 Bc5 5. O-O O-O 6. c3 a6 7. Re1 Ba7 8. Bg5
h6 9. Bh4 g5 10. Bg3 d6 11. Bb3 Nh7 12. d4 g4 13. Nh4 exd4 14. Nf5 Bxf5 15. exf5
Qg5 16. Re4 Nf6 17. Bf4 Qxf5 18. Bxh6 Nxe4 19. Bxf8 Nxf2 20. Qe2 d3 0-1

[Event "Chigorin Memorial"]
[Site "St Petersburg RUS"]
[Date "2012.10.28"]
[Round "2.97"]
[White "Melnikov, Nikolay"]
[Black "Cheremnova, Tamara"]
[Result "0-1"]
[BlackTitle "WFM"]
[WhiteElo "1752"]
[BlackElo "2235"]
[WhiteFideId "4191170"]
[BlackFideId "4175026"]
[EventDate "2012.10.27"]

1. e4 c6 2. d4 d5 3. f3 dxe4 4. fxe4 e5 5. Nf3 Bg4 6. Bc4 Nf6 7. O-O Nbd7 8. c3
Bd6 9. Qd3 O-O 10. Bg5 Qc7 11. h3 Bh5 12. Nbd2 Rae8 13. Rae1 h6 14. Bxf6 Nxf6
15. dxe5 Bxe5 16. Nxe5 Rxe5 17. Nf3 Bxf3 18. Qxf3 Rfe8 19. Qg3 Qe7 20. Bb3 Kh8
21. Qf3 c5 22. Qd3 Rd8 23. Qc4 Kg8 24. Rxf6 gxf6 25. Re3 Rd2 26. Rg3+ Rg5 27.
Rxg5+ hxg5 28. Qf1 Qxe4 29. Qf3 Qxf3 0-1

[Event "Chigorin Memorial"]
[Site "St Petersburg RUS"]
[Date "2012.10.28"]
[Round "2.99"]
[White "Grachev, Andrey"]
[Black "Andriasian, Zaven"]
[Result "0-1"]
[BlackTitle "GM"]
[WhiteElo "2040"]
[BlackElo "2604"]
[WhiteFideId "24138290"]
[BlackFideId "13302000"]
[EventDate "2012.10.27"]

1. e4 c5 2. Nf3 d6 3. c3 Nf6 4. Be2 Nbd7 5. d3 g6 6. O-O Bg7 7. Re1 O-O 8. Bf1
e5 9. d4 h6 10. dxe5 dxe5 11. Na3 Qe7 12. Qa4 a6 13. Bd2 b6 14. Rad1 Bb7 15. Bc1
b5 16. Qc2 c4 17. b3 cxb3 18. axb3 Nc5 19. Nd2 Rac8 20. Nab1 Qe6 21. Ba3 Qb6 22.
b4 Ne6 23. c4 Nd4 24. Qb2 Qe6 25. c5 h5 26. Nc3 Rfd8 27. Bd3 Rd7 28. Nf1 h4 29.
Nd2 h3 30. g3 Bh6 31. Ne2 Rcd8 32. Bb1 Bxd2 0-1

[Event "Chigorin Memorial"]
[Site "St Petersburg RUS"]
[Date "2012.10.28"]
[Round "2.100"]
[White "Lugovskoy, Maxim"]
[Black "Kharchenko, Daniil"]
[Result "1-0"]
[WhiteTitle "FM"]
[WhiteElo "2372"]
[BlackElo "2039"]
[WhiteFideId "24126454"]
[BlackFideId "24101664"]
[EventDate "2012.10.27"]

1. e4 c5 2. Nf3 Nc6 3. c3 Nf6 4. e5 Nd5 5. d4 cxd4 6. cxd4 d6 7. Bc4 Nb6 8. Bb3
d5 9. Nh4 e6 10. Nf3 Be7 11. Nc3 Bd7 12. O-O Rc8 13. Bc2 a6 14. Bd3 Na7 15. Nd2
Nb5 16. Ne2 Nc4 17. a4 Na7 18. Nf4 Nxd2 19. Bxd2 g6 20. Qg4 Qb6 21. Be3 Nc6 22.
Qh3 Kd8 23. Qg3 Qa5 24. Ne2 Kc7 25. Nc3 Rhd8 26. Bd2 Kb8 27. Qf4 Be8 28. Bb5 Qb6
29. Bxc6 Rxc6 30. Rab1 Rc4 31. Be3 Rb4 32. Nd1 Rxa4 33. Qh6 Rc8 34. Qxh7 Rb4 35.
Re1 Rb3 36. Kh1 Ba3 37. Qh6 Bxb2 38. Nxb2 Rxb2 39. Rbc1 Qd8 40. Rxc8+ Qxc8 41.
Rc1 Qd7 42. h4 a5 43. Qf8 a4 44. g4 Ka7 45. Kg2 Qb5 46. Rc5 Qd7 47. h5 gxh5 48.
gxh5 f5 49. h6 b6 50. Rc1 Bg6 51. Qg7 Qxg7 52. hxg7 Bh7 53. Rh1 Bg8 54. Rh8 a3
55. Rxg8 a2 56. Rc8 a1=Q 57. g8=Q 1-0

[Event "Chigorin Memorial"]
[Site "St Petersburg RUS"]
[Date "2012.10.28"]
[Round "2.101"]
[White "Belov, Nikita"]
[Black "Solovjov, Sergey I."]
[Result "0-1"]
[BlackTitle "IM"]
[WhiteElo "2034"]
[BlackElo "2371"]
[WhiteFideId "24167177"]
[BlackFideId "4122780"]
[EventDate "2012.10.27"]

1. c4 Nf6 2. g3 g6 3. Bg2 Bg7 4. Nc3 O-O 5. d3 d6 6. e4 e5 7. Nge2 Nc6 8. O-O
Nh5 9. Nd5 f5 10. f4 a5 11. Ne3 Be6 12. Bf3 fxe4 13. Bxh5 exd3 14. Qxd3 gxh5 15.
f5 Bd7 16. g4 Nd4 17. Ng3 hxg4 18. Nxg4 Qh4 19. Ne3 e4 20. Qxe4 Qxe4 21. Nxe4
Nxf5 22. Nd5 Rae8 23. Ng5 Bd4+ 24. Kh1 Ng3+ 0-1

[Event "Chigorin Memorial"]
[Site "St Petersburg RUS"]
[Date "2012.10.28"]
[Round "2.102"]
[White "Sichinava, Zviad"]
[Black "Bajaramov, Elvin"]
[Result "1-0"]
[WhiteElo "2339"]
[BlackElo "2025"]
[WhiteFideId "24111716"]
[BlackFideId "24142514"]
[EventDate "2012.10.27"]

1. d4 d5 2. Bg5 f6 3. Bf4 c5 4. Bxb8 Rxb8 5. c3 e5 6. dxe5 Qb6 7. exf6 Qxb2 8.
f7+ Kxf7 9. Nd2 Qxc3 10. e4 Nf6 11. Rc1 Qa5 12. Nf3 Nxe4 13. Bd3 Nxd2 14. Nxd2
Be6 15. O-O c4 16. Re1 Ba3 17. Qh5+ g6 18. Qf3+ Kg7 19. Rxe6 Rbf8 20. Qe3 cxd3
21. Qe5+ Kh6 22. Rc4 Qd8 23. Rc7 Rhg8 24. Qe3+ Kh5 25. Rxh7+ Kg4 26. h3+ 1-0

[Event "Chigorin Memorial"]
[Site "St Petersburg RUS"]
[Date "2012.10.28"]
[Round "2.104"]
[White "Zalkind, Konstantin"]
[Black "Voronenkov, Sergey"]
[Result "1-0"]
[WhiteTitle "FM"]
[WhiteElo "2232"]
[BlackElo "2020"]
[WhiteFideId "2803461"]
[BlackFideId "24129674"]
[EventDate "2012.10.27"]

1. d4 Nf6 2. c4 g6 3. Nc3 d5 4. cxd5 Nxd5 5. Bd2 Bg7 6. e4 Nb6 7. Be3 O-O 8. h3
Nc6 9. Nf3 e5 10. d5 Ne7 11. Bc5 f6 12. Be2 Rf7 13. Qb3 Bd7 14. Bxb6 axb6 15. d6
Nc6 16. Bc4 Be8 17. dxc7 Qxc7 18. O-O Na5 19. Bxf7+ Bxf7 20. Nd5 Nxb3 21. Nxc7
Rc8 22. axb3 Rxc7 23. Rfc1 Rxc1+ 24. Rxc1 Bf8 25. Rc7 Bxb3 26. Nd2 Bf7 27. Rxb7
Bc5 28. Nb1 Bd4 29. Nc3 f5 30. exf5 gxf5 31. g4 fxg4 32. hxg4 Kg7 33. Kg2 Kg6
34. f3 Bc4 35. Ne4 h5 36. Rc7 Bb5 37. gxh5+ Kxh5 38. b3 Kg6 39. Kg3 Bd3 40. Kg4
Be2 41. Rc6+ Kf7 42. Nd6+ Ke6 43. Nf5+ Kd7 44. Rd6+ Kc7 45. Nxd4 Bxf3+ 46. Kxf3
Kxd6 47. Nc2 Kd5 48. Ke3 b5 49. Kd3 e4+ 50. Ke3 1-0

[Event "Chigorin Memorial"]
[Site "St Petersburg RUS"]
[Date "2012.10.28"]
[Round "2.105"]
[White "Dushin, Nikolay"]
[Black "Suleymanyants, Odisey"]
[Result "0-1"]
[BlackTitle "FM"]
[WhiteElo "2018"]
[BlackElo "2227"]
[WhiteFideId "4114612"]
[BlackFideId "24149357"]
[EventDate "2012.10.27"]

1. c4 Nf6 2. Nc3 e6 3. e4 e5 4. Nf3 Nc6 5. a3 a5 6. d4 exd4 7. Nxd4 d6 8. Be2
Be7 9. Be3 O-O 10. O-O Re8 11. f3 Nxd4 12. Bxd4 c6 13. Bf2 Nd7 14. Na4 Qc7 15.
Rc1 Nc5 16. Nxc5 dxc5 17. Bg3 Qb6 18. Qc2 Bf6 19. Rb1 Bd4+ 20. Kh1 Be6 21. f4 f6
22. Bd3 Rf8 23. a4 Rae8 24. b3 Qd8 25. h3 Kh8 26. Rbd1 Qd7 27. Kh2 Qf7 28. Rde1
Qg8 29. Re2 b5 30. Rb1 bxa4 31. bxa4 Rb8 32. Rxb8 Rxb8 33. f5 Rb2 34. Qc1 Rb3
35. fxe6 Rxd3 36. Qb1 Rxg3 37. Kxg3 Be5+ 38. Kf3 Qxe6 39. Rd2 h5 40. Rd8+ Kh7
41. Qd3 Bd4 42. Qb3 f5 43. e5 Qxe5 44. Qd3 h4 45. Rf8 g6 46. g4 fxg4+ 47. hxg4
Qg3+ 48. Ke2 Qg2+ 49. Kd1 Qxg4+ 50. Qf3 Qxf3+ 51. Rxf3 g5 52. Ke2 Kg6 53. Kf1 g4
54. Rf4 Kg5 55. Rf7 h3 56. Rh7 Kf4 57. Ke2 g3 58. Rh4+ Kf5 59. Kf3 g2 0-1

[Event "Chigorin Memorial"]
[Site "St Petersburg RUS"]
[Date "2012.10.28"]
[Round "2.106"]
[White "Andrenko, Irina"]
[Black "Kopasov, Evgeny"]
[Result "1/2-1/2"]
[WhiteTitle "WIM"]
[WhiteElo "2227"]
[BlackElo "2014"]
[WhiteFideId "14118270"]
[BlackFideId "4181239"]
[EventDate "2012.10.27"]

1. e4 c5 2. Nf3 d6 3. d4 cxd4 4. Nxd4 Nf6 5. Nc3 a6 6. Qe2 e5 7. Nf5 d5 8. Bg5
d4 9. O-O-O Nc6 10. Qf3 Bxf5 11. Qxf5 Qc8 12. Bxf6 Qxf5 13. exf5 dxc3 14. Bg5
cxb2+ 15. Kxb2 Bc5 16. Be3 Bxe3 17. fxe3 Ke7 18. Bc4 Rhd8 19. Bd5 Rac8 20. Be4
f6 21. Rd5 Rxd5 22. Bxd5 Na5 23. Kc1 Rc7 24. Rd1 Nc4 25. Rd3 Nd6 26. e4 Rd7 27.
Be6 Rc7 28. Bd5 Rd7 29. Be6 Rc7 30. Bd5 1/2-1/2

[Event "Chigorin Memorial"]
[Site "St Petersburg RUS"]
[Date "2012.10.28"]
[Round "2.107"]
[White "Afanasiev, Nikita"]
[Black "Westerberg, Claes-Goran"]
[Result "1-0"]
[WhiteElo "2224"]
[BlackElo "2007"]
[WhiteFideId "24183555"]
[BlackFideId "1712691"]
[EventDate "2012.10.27"]

1. c4 c5 2. Nf3 Nc6 3. Nc3 e5 4. d3 d6 5. g3 Nge7 6. Bg2 g6 7. a3 Bg7 8. Rb1 a5
9. Bd2 Rb8 10. Qc1 Nd4 11. b4 axb4 12. axb4 O-O 13. bxc5 dxc5 14. Nxd4 cxd4 15.
Nb5 Nc6 16. Qa3 Be6 17. O-O Qd7 18. Qd6 Rfd8 19. Qxd7 Bxd7 20. Nd6 Bc8 21. c5 f6
22. Bxc6 1-0

[Event "Chigorin Memorial"]
[Site "St Petersburg RUS"]
[Date "2012.10.28"]
[Round "2.108"]
[White "Jorayewa, Govher"]
[Black "Samdanov, Samdan"]
[Result "0-1"]
[WhiteTitle "WFM"]
[WhiteElo "1990"]
[BlackElo "2221"]
[WhiteFideId "14001454"]
[BlackFideId "4188101"]
[EventDate "2012.10.27"]

1. e4 c5 2. Nc3 d6 3. f4 g6 4. Nf3 Bg7 5. Bc4 Nc6 6. d3 Nf6 7. O-O O-O 8. Qe1 e6
9. Qh4 d5 10. Bb3 Nd4 11. e5 Nxf3+ 12. Rxf3 Nd7 13. Qf2 a6 14. a4 b6 15. Bd2 Rb8
16. Rh3 b5 17. axb5 axb5 18. Nd1 c4 19. dxc4 dxc4 20. Ba2 Re8 21. b3 Ra8 22.
bxc4 bxc4 23. Bc3 Qc7 24. Ne3 Ra4 25. Qf1 Ba6 26. Nd1 Ra8 27. Bb1 Rxa1 28. Bxa1
Qb6+ 29. Nf2 Rb8 30. Ba2 Qa5 0-1